Which Sekiro Enemy Uses Each Combat Art? - Statistics

General Stats
  • This quiz has been taken 47 times
  • The average score is 8 of 12
Answer Stats
Hint Answer % Correct
Ashina Cross Sword Saint Isshin|Isshin Ashina|Ashina Elite
98%
Mortal Draw Genichiro, Way of Tomoe
86%
Ichimonji Isshin Ashina|Fencer|Sword Saint Isshin
84%
Shadowrush Owl Father
74%
One Mind Isshin Ashina
72%
Praying Strikes Senpou Temple Monk
67%
Nightjar Slash Nightjar
65%
Dragon Flash Sword Saint Isshin
60%
Floating Passage Okami Warrior|Genichiro
58%
Sakura Dance Inner Genichiro
56%
Whirlwind Slash Owl Father
37%
Senpou Leaping Kicks Lone Shadow
33%
No matching quizzes found
Score Distribution
Percent of People with Each Score
Percentile by Number Answered
Your Score History
You have not taken this quiz